000 01953aim a2200541 i 4500
001 ocm70998597
003 OCoLC
005 20241220122440.0
007 sd fungnn---ed
008 060821s2006 nyunnn f eng d
020 _a9780061808128
020 _a0060888695
028 0 2 _aUACD 5439(11)
_bHarperCollins Publishers
035 _a810229
040 _aGEC
_cGEC
_dBAKER
_dAIC
_dVP@
_dXY4
_dBTCTA
_dNZWPM
_dTnLvILS
_dUtOrBLW
_beng
_erda
043 _an-us-al
092 _aF
100 1 _aLee, Harper.
245 1 0 _aTo kill a mockingbird /
_h[sound recording]
_cHarper Lee.
250 _aUnabridged.
264 1 _a[New York] :
_bHarperCollins Publishers/Caedmon,
_c[2006]
264 4 _c℗2006.
300 _a11 audio discs (12 hr.) :
_bdigital ;
_c4 3/4 in.
336 _aspoken word
337 _aaudio
338 _aaudio disc
340 _ametal
_aplastic
_b4 3/4 in.
_f1.4 m/s.
500 _aUnabridged.
500 _aTitle from container.
500 _aCompact disc.
511 0 _aPerformed by Sissy Spacek.
520 _aScout Finch, daughter of the town lawyer Atticus, has just started school, but her carefree days come to an end when a black man in town is accused of raping a white woman, and her father is the only man willing to defend him.
650 0 _aPrejudices
_vFiction.
_95678600
650 0 _aTrials (Rape)
_vFiction.
_95758733
650 0 _aGirls
_vFiction.
_95674683
650 0 _aFathers and daughters
_vFiction.
_95673846
650 0 _aRace relations
_vFiction.
_95693518
651 0 _aAlabama
_vFiction.
_95719017
655 7 _aHistorical fiction.
_2lcgft
655 7 _aDidactic fiction.
_2lcgft
_9102674
655 7 _aBildungsromans.
_2lcgft
_9102642
655 7 _aDomestic fiction.
_2lcgft
655 0 _aLegal stories.
655 7 _aAudiobooks.
_2lcgft
700 1 _aSpacek, Sissy.
_913512
907 _a.b304940677
942 _2ddc
_cAUDIOBOOK
999 _c56926
_d56926